| 000 | 01775nab a2200217 ab4500 | ||
|---|---|---|---|
| 005 | 20230321124858.0 | ||
| 008 | 230321c2022 mx qr p o ||| 00| 0 spa d | ||
| 040 |
_aMX-MxUPN _bspa _cMX-MxUPN _eaacr2 |
||
| 100 | 1 |
_930595 _aAguirre Lora, Georgina María Esther |
|
| 245 |
_aAproximaciones a la temprana formación cívica de niños y niñas _h[recurso electrónico en línea] |
||
| 506 | _aAcceso abierto | ||
| 520 | 3 | _aEntre los eventos más significativos que la modernidad impulsó está el auge de la cultura escrita/impresa, cuya consolidación en el curso del siglo XIX trajo consigo nuevas prácticas culturales que modificarían sustancialmente la forma de entender el mundo y de comunicarse con el otro, y que revelarían una gran diversidad de prácticas lectoras y de materiales. El siglo XIX comenzó a dirigirse a diversos tipos específicos de población; en este contexto surgieron el Diario de los Niños (1839-1840) y Los niños pintados por ellos mismos (1843), ambas publicaciones debidas a la iniciativa de Vicente García Torres, con el propósito de contribuir a la formación de los futuros ciudadanos que el nuevo proyecto de sociedad requería. Este texto estudia dichas publicaciones a través de los siguientes ejes: a) la primera publicación periódica dirigida a la niñez; b) modelos ejemplares o Mozart para niños; c) representaciones sociales en torno a la niñez. Perfiles educativos. | |
| 650 | 2 |
_9514 _aModernidad |
|
| 653 | _aInfancia | ||
| 653 | _aCultura escrita | ||
| 653 | _aPrácticas culturales | ||
| 773 |
_gVol. 44, no. 175 (2022), p. 6-22 _tPerfiles educativos _x2448-6167 |
||
| 856 | _uhttps://perfileseducativos.unam.mx/iisue_pe/index.php/perfiles/article/view/60407 | ||
| 902 | _aLeonor Sotres/210323 | ||
| 942 | _cART-E | ||
| 999 |
_c209368 _d209368 |
||